| Virtuální polytechnická knihovna - Souborný katalog - Úplný záznam dokumentu - MARC |
Uživatel: --- |
-----nas 22-----zu 4500
001 SKVPK0031886
003 CZ-VPK
005 20260423104823.0
008 260423d19201944||||| | ||| || |||||||
022 $a2571-3515
040 $aABA013$bcze
222 0$aObchodní komora = Handelskammer : věstník obchodní a živnostenské komory
v Plzni
245 00$aObchodní komora = Handelskammer : věstník obchodní a živnostenské komory
v Plzni
260 $aČeská Republika :$bPlzeň : Obchodní a živnostenská komora,$c1920-1944
650 07$amanagement$xev$2psh
910 $aABA013$r1920-1940, 1942, 1944
| středa 13.05.2026 22:31:30 |
© 2001-2015 Národní technická knihovna |
[Virtuální polytechnická knihovna]
[Servisní centrum]
[Souborný katalog]